Types of Hats - Statistics

General Stats
  • This quiz has been taken 53 times
  • The average score is 11 of 16
Answer Stats
Picture Answer % Correct
Top
98%
Cowboy
87%
Fedora
85%
Fez
83%
Baseball
80%
Beret
80%
Sombrero
80%
Bowler
78%
Beanie
72%
Turban
67%
Visor
65%
Bucket
63%
Straw
63%
Trucker
43%
Flat
28%
Boonie
2%
No matching quizzes found
Score Distribution
Percent of People with Each Score
Percentile by Number Answered
Your Score History
You have not taken this quiz